Natural human rights : (Record no. 21660)
[ view plain ]
| 000 -LEADER | |
|---|---|
| fixed length control field | 00897cam a22002655a 4500 |
| 001 - CONTROL NUMBER | |
| control field | 17989232 |
| 005 - DATE AND TIME OF LATEST TRANSACTION | |
| control field | 20160726095433.0 |
| 008 - FIXED-LENGTH DATA ELEMENTS--GENERAL INFORMATION | |
| fixed length control field | 140107s2014 enk frbd f001 0 eng d |
| 020 ## - INTERNATIONAL STANDARD BOOK NUMBER | |
| International Standard Book Number | 9781107664210 |
| 040 ## - CATALOGING SOURCE | |
| Original cataloging agency | DLC |
| Language of cataloging | eng |
| Transcribing agency | DLC |
| Modifying agency | DLC |
| -- | EG-ScBUE |
| -- | EG-ScBUE |
| 082 04 - DEWEY DECIMAL CLASSIFICATION NUMBER | |
| Classification number | 323.01 |
| Item number | BOY |
| Edition number | 22 |
| 100 1# - MAIN ENTRY--PERSONAL NAME | |
| Personal name | Boylan, Michael, |
| Dates associated with a name | 1952- |
| 9 (RLIN) | 39865 |
| 245 10 - TITLE STATEMENT | |
| Title | Natural human rights : |
| Remainder of title | a theory / |
| Statement of responsibility, etc | Michael Boylan. |
| 260 ## - PUBLICATION, DISTRIBUTION, ETC. (IMPRINT) | |
| Place of publication, distribution, etc | Cambridge ; |
| -- | New York : |
| Name of publisher, distributor, etc | Cambridge University Press, |
| Date of publication, distribution, etc | 2014. |
| 300 ## - PHYSICAL DESCRIPTION | |
| Extent | xiii, 305 p. ; |
| Dimensions | 24 cm. |
| 500 ## - GENERAL NOTE | |
| General note | Glossary : p. 267-272. |
| 500 ## - GENERAL NOTE | |
| General note | Index : p. 295-305. |
| 504 ## - BIBLIOGRAPHY, ETC. NOTE | |
| Bibliography, etc | Bibliography : p. 273-294. |
| 650 #7 - SUBJECT ADDED ENTRY--TOPICAL TERM | |
| Topical term or geographic name as entry element | Human rights |
| General subdivision | Philosophy. |
| Source of heading or term | BUEsh |
| 9 (RLIN) | 39866 |
| 650 #7 - SUBJECT ADDED ENTRY--TOPICAL TERM | |
| Topical term or geographic name as entry element | Human rights |
| Form subdivision | Cross-cultural studies. |
| Source of heading or term | BUEsh |
| 9 (RLIN) | 39867 |
| 650 #7 - SUBJECT ADDED ENTRY--TOPICAL TERM | |
| Topical term or geographic name as entry element | Natural law |
| General subdivision | Philosophy. |
| Source of heading or term | BUEsh |
| 9 (RLIN) | 39869 |
| 651 ## - SUBJECT ADDED ENTRY--GEOGRAPHIC NAME | |
| Source of heading or term | BUEsh |
| 653 ## - INDEX TERM--UNCONTROLLED | |
| Resource For college | BAEPS, Political Science |
| Arrived date list | April2016 |
| Resource For college | Law |
| Arrived date list | July2016 |
| 942 ## - ADDED ENTRY ELEMENTS (KOHA) | |
| Source of classification or shelving scheme | Dewey Decimal Classification |
| Withdrawn status | Item status | Source of classification or shelving scheme | Damaged status | Not for loan | Vendor | Home library | Current library | Shelving location | Date acquired | Source of acquisition | Cost, normal purchase price | Total Checkouts | Full call number | Barcode | Date last seen | Date last borrowed | Cost, replacement price | Koha item type | Serial Enumeration / chronology | Total Renewals |
|---|---|---|---|---|---|---|---|---|---|---|---|---|---|---|---|---|---|---|---|---|
| Dewey Decimal Classification | Alahram | Central Library | Central Library | First floor | 19/04/2016 | Purchase | 260.00 | 1 | 323.01 BOY | 000032385 | 15/07/2025 | 19/04/2017 | 325.00 | Book - Borrowing | ||||||
| Dewey Decimal Classification | Baccah | Central Library | Central Library | First floor | 26/07/2016 | Purchase | 540.00 | 1 | 323.01 BOY | 000032984 | 15/07/2025 | 19/04/2017 | 675.00 | Book - Borrowing | 26080 | |||||
| Dewey Decimal Classification | Baccah | Central Library | Central Library | First floor | 26/07/2016 | Purchase | 540.00 | 2 | 323.01 BOY | 000032985 | 15/07/2025 | 14/10/2017 | 675.00 | Book - Borrowing | 26080 | 1 |